Vplyv potenciálnej zmeny klímy na úrodu zrna pšenice letnej f. ozimnej (Triticum aestivum L.) v podmienkach kukuričnej výrobnej oblasti Slovenska

Bibliographic Details
Main Authors: Vidovič, Jozef, 1940- (Author), Sochorcová, Lenka (Author)
Format: Article
Language:Slovak
PhysicalDescription:Obr., tab.
Subjects:

MARC

LEADER 00000nab a2200000 a 4500
001 vtls001561028
003 SK-MaSNL
005 20260305020230.0
008 250505c2004 xo mr|p|||||||000 b|slo
015 |a SNBRB2005/04  |2 snkbucl 
035 |a (uuid)f1f02fb8-2f5c-4cfa-a6c3-ef407f838ccb 
035 |a urn:nbn:sk:snk-ab1gig 
035 |a (urnnbn)urn:nbn:sk:snk:ar-003klb 
038 |a SNKBUCL 
040 |a SNKBUCL  |b slo  |c SNKBUCL  |e AACR2 
041 0 |a slo  |b eng  |b slo 
044 |a xo  |c SK 
080 |a 633.11"324":551.583  |2 1997 
100 1 |a Vidovič, Jozef,  |d 1940-  |4 aut  |9 219035 
245 1 0 |a Vplyv potenciálnej zmeny klímy na úrodu zrna pšenice letnej f. ozimnej (Triticum aestivum L.) v podmienkach kukuričnej výrobnej oblasti Slovenska  |c Jozef Vidovič, Lenka Sochorcová 
246 3 1 |a Impact of potential climate change on grain yield of winter wheat (Triticum aestivum L.) under conditions of maize growing region in the Slovak republic 
300 |b Obr., tab. 
504 |a Bibliogr. odkazy 
546 |a Res. angl., slov. 
650 0 7 |a ozimná pšenica  |2 snkbucl  |9 28625 
650 0 7 |a úroda  |2 snkbucl  |9 506412 
650 0 7 |a klimatické zmeny  |2 snkbucl  |9 3351 
650 0 7 |a vodné zrážky  |2 snkbucl  |9 26672 
650 0 7 |a teplota  |2 snkbucl  |9 15009 
650 0 7 |a oxid uhličitý  |2 snkbucl  |9 17291 
700 1 |a Sochorcová, Lenka  |4 aut  |9 73625 
773 0 |t Agriculture = Poľnohospodárstvo  |g Vol. 50, No. 10-12 (2004), s. 187-198 
850 |a Slovenská národná knižnica 
852 |a Slovenská národná knižnica 
954 |a odborná, vedecká literatúra pôvodná (slovenská)  |2 lita 
958 |a article27 
958 |a OND 
958 |a NB 
958 |a EUIPO 
999 |c 3279600  |d 3281530